Русский полуполяк-полуамериканец [Павел Павлович Гудков]; Поляки в Сибири

Bibliografiset tiedot
Parent link:Поляки в Сибири.— 2002.— С. 72-79
Päätekijä: Лозовский И. Т. Игорь Трофимович
Kieli:venäjä
Julkaistu: 2002
Aiheet:
Aineistotyyppi: MixedMaterials Kirjan osa
KOHA link:https://koha.lib.tpu.ru/cgi-bin/koha/opac-detail.pl?biblionumber=206223

MARC

LEADER 00000naa2a2200000 4500
001 206223
005 20231101225331.0
035 |a (RuTPU)RU\TPU\book\224793 
090 |a 206223 
100 |a 20111228d2002 k y0rusy50 ca 
101 0 |a rus 
102 |a RU 
200 1 |a Русский полуполяк-полуамериканец [Павел Павлович Гудков]  |f И. Т. Лозовский 
463 0 |0 (RuTPU)RU\TPU\book\44360  |t Поляки в Сибири  |o Рассказы  |f И. Т. Лозовский  |g Томский политехнический университет  |v С. 72-79  |d 2002  |p 97 с. 
600 1 |a Гудков  |b П. П.  |c российский геолог  |c профессор Томского технологического института (1907-1918)  |g Павел Павлович  |f 1881-1955  |y Томск  |x TPU  |2 stltpush  |3 (RuTPU)RU\TPU\pers\13854 
610 1 |a труды учёных ТПУ 
700 1 |a Лозовский  |b И. Т.  |c ведущий научный сотрудник Томского политехнического университета, краевед  |f 1920-2004  |g Игорь Трофимович  |2 stltpush  |3 (RuTPU)RU\TPU\pers\22763  |9 9791 
801 1 |a RU  |b 63413507  |c 20111228 
801 2 |a RU  |b 63413507  |c 20111229  |g RCR 
942 |c BK